01472cam a22003494i 4500003000900000005001700009008004100026020001500067035002700082040003300109082002000142100003300162245008800195264006500283300003800348336002100386337002500407338002300432505054300455526001000998526001001008526001001018526001001028526000801038526000801046526000801054526000801062526000801070526000801078526000801086650002801094PE-LiUPU20250731173129.0150623s r 000 0 d a0310456916 a(Sirsi) i9780310456919 aPE-LiUPUbspacPE-LiUPUerda04a220.52bK872211 aKubo, Sakae,d1926-,eautor.10aSo many versions? :btwentieth-century english versions of the Bible /cSakae Kubo. 1aGrand Rapids, Michigan :bZondervan Publishing House,c1983. a401 páginas ;c20 centímetros atext2rdacontent aunmediated2rdamedia avolume2rdacarrier0 aEarly modern speech versions. The revised standard version. The knox translation. Phillip's translation. The modern language Bible. The new world translation. The New Jewis Version. The amplified Bible. The Jerusalem Bible. Barclay's New Testament. The good news Bible today's english version. The New English Bible. The New American Bible. The New American Standard Bible. The living Bible. The New International Version. The New King James Version. the reader's digest Bible. Some Colorful versions. Guidelines for selecting a viersion. aSEG42 aSEG41 aSEG40 aSEG39 aP94 aP87 aP86 aP85 aP77 aP76 aP3504aVersiones de la Biblia.